Learning, capability building and innovation for development

保存先:
書誌詳細
フォーマット: Sách
言語:Undetermined
出版事項:  Palgrave Macmillan  2013
主題:
タグ: タグ追加
タグなし, このレコードへの初めてのタグを付けませんか!
Thư viện lưu trữ: Trung tâm Thư viện - Trường Đại học Công nghiệp TP. Hồ Chí Minh
LEADER 00471nam a2200133Ia 4500
001 UIH_06007
008 231011s9999 xx 000 0 und d
082 |a  338.9 
245 0 |a  Learning, capability building and innovation for development 
260 |b  Palgrave Macmillan 
260 |c  2013 
650 |a  Economic development; Phát triển kinh tế;  
927 |a Sách 
980 |a Trung tâm Thư viện - Trường Đại học Công nghiệp TP. Hồ Chí Minh